| 000 | 00882nas a2200301 4500 | ||
|---|---|---|---|
| 001 | BR2010004927 | ||
| 003 | BR-BrBNA | ||
| 005 | 20231205114315.0 | ||
| 007 | ta | ||
| 008 | 230509b bl.|||p| |||| 00| 00por d | ||
| 040 |
_aBR-BrBNA _bpor _cBiblioteca Nacional de Agricultura |
||
| 041 | _a(Pt) | ||
| 072 | _aK50 | ||
| 100 | 1 | _aPaes, J.B. | |
| 100 | 1 | _aFonseca, C.M.B. da | |
| 100 | 1 | _aLima, C.R. de | |
| 100 | 1 | _aSouza, A.D. de | |
| 245 | 1 | _aEficiência do óleo de candeia na melhoria da resistência da madeira de sumaúna a cupins | |
| 650 | _aMADEIRA | ||
| 650 | _aÓLEO VEGETAL | ||
| 650 | _aCANDEIA | ||
| 650 | _aCUPIM | ||
| 650 | _aCONTROLE BIOLÓGICO | ||
| 650 | _aVARIEDADE RESISTENTE | ||
| 773 | 0 |
_tCerne (Brazil) _xISSN 0104-7760 _g(Apr-Jun 2010), v. 16(2) p. 217-225 _wBR2010004927 |
|
| 909 |
_a202311 _bLúcia _c55 _dLúcia Elande |
||
| 942 |
_2AGRIS _n0 _cANA |
||
| 999 |
_c208143 _d208143 |
||